[Event "Milan SSM op"]
[Site "Milan"]
[Date "2014.01.16"]
[Round "2"]
[White "Carito, Riccardo"]
[Black "Brisotto, Stefano"]
[Result "1-0"]
[WhiteElo "1712"]
[BlackElo "1492"]
[PlyCount "77"]
[EventDate "2014.01.14"]
[EventType "swiss"]
[EventRounds "8"]
[EventCountry "ITA"]
[SourceTitle "EXT 2015"]
[Source "ChessBase"]
[SourceDate "2014.11.20"]
[SourceVersion "1"]
[SourceVersionDate "2014.11.20"]
[SourceQuality "1"]

1. d4 Nf6 2. c4 c5 3. d5 b5 4. cxb5 a6 5. b6 Qxb6 6. Nc3 g6 7. e4 d6 8. Nf3 Bg7 9. Be2 0-0 10. 0-0 Nbd7 11. Qc2 a5 12. Nd2 Ba6 13. Bxa6 Qxa6 14. a4 Qb7 15. Nb5 Nb8 16. Nb1 Na6 17. N1c3 Nb4 18. Qe2 Qd7 19. Bd2 Rfe8 20. Qc4 Ng4 21. Bf4 Ne5 22. Bxe5 Bxe5 23. Rad1 Nc2 24. Ne2 Nb4 25. b3 h5 26. Nc1 g5 27. Qe2 g4 28. f3 Kg7 29. Nd3 Nxd3 30. Rxd3 Rh8 31. f4 Bf6 32. e5 dxe5 33. fxe5 Bg5 34. e6 fxe6 35. dxe6 Qb7 36. Rd7 Qc6 37. Qe5+ Bf6 38. Rxe7+ Kg6 39. Rxf6# 1-0

[Event "Milan Province-ch"]
[Site "Milan"]
[Date "2013.01.27"]
[Round "6"]
[White "Marcangeli, Alessandro"]
[Black "Carito, Riccardo"]
[Result "1/2-1/2"]
[WhiteElo "1795"]
[BlackElo "1702"]
[PlyCount "143"]
[EventDate "2013.01.24"]
[EventType "swiss"]
[EventRounds "6"]
[EventCountry "ITA"]
[SourceTitle "EXT 2014"]
[Source "ChessBase"]
[SourceDate "2013.11.20"]
[SourceVersion "1"]
[SourceVersionDate "2013.11.20"]
[SourceQuality "1"]

1. d4 Nf6 2. Nf3 g6 3. Bf4 d6 4. e3 Bg7 5. h3 0-0 6. c3 c5 7. Nbd2 cxd4 8. cxd4 Nc6 9. a3 Bd7 10. Be2 Qb6 11. b4 Nd5 12. Nc4 Qd8 13. Rc1 Nxf4 14. exf4 b5 15. d5 Nxb4 16. axb4 bxc4 17. Bxc4 Rb8 18. 0-0 Rxb4 19. Nd4 Bxd4 20. Qxd4 Bb5 21. Qd3 Bxc4 22. Rxc4 Rxc4 23. Qxc4 Qc8 24. Qa2 Qc7 25. Re1 a5 26. Qa4 Rc8 27. Ra1 Qc5 28. Qxa5 Qxa5 29. Rxa5 Rc5 30. Ra7 Kf8 31. Ra8+ Kg7 32. Re8 Kf6 33. g4 Rxd5 34. g5+ Ke6 35. Rh8 Rd4 36. Rxh7 Rxf4 37. Kg2 f6 38. Rg7 fxg5 39. Rxg6+ Kf5 40. Rg8 e5 41. Kg3 d5 42. f3 d4 43. Rf8+ Ke6 44. Rg8 d3 45. Re8+ Kf6 46. Kf2 Rd4 47. Ke1 d2+ 48. Kd1 Rd5 49. Rc8 Kf5 50. Rf8+ Ke6 51. Rc8 Kf7 52. Rc2 Rd3 53. Rxd2 Rxf3 54. Rh2 Rf4 55. Ke2 Kg6 56. Rg2 Kh5 57. Rg3 Kh4 58. Re3 e4 59. Ke1 Kh5 60. Ke2 Kg6 61. Rg3 Kf5 62. Ke3 Rh4 63. Kf2 Kf4 64. Kg2 e3 65. Rf3+ Ke4 66. Rf7 Kd3 67. Rd7+ Rd4 68. Ra7 Kc2 69. Kf3 Rh4 70. Kxe3 Rxh3+ 71. Kf2 Rc3 72. Rg7 1/2-1/2